000 00231nam a2200097Ia 4500
008 170619s9999 xx 000 0 und d
100 _aShah- Satish
245 0 _a8051 Microcontrollers
260 _bOXFORD UNIVERSITY PRESS
260 _c2010
546 _aENGLISH
999 _c20802
_d20802